| 000 | 00980nam a2200253 i 4500 | ||
|---|---|---|---|
| 003 | IT-RoINE | ||
| 005 | 20141111153505.0 | ||
| 008 | 040927s2003 sp | r o001 |bspa d | ||
| 020 | _a840008151X | ||
| 024 | 7 |
_aNIPO 403-03-074-0 _2nipo |
|
| 040 |
_aSpMaBN _bspa _cIT-RoINE _erdc _dIT-RoINE |
||
| 245 | 1 | 0 |
_aVida y obra del Rvdmo. P. M. Fray Martín Sarmiento (1695-1772) : _bsacada a la letra de un manuscrito anónimo del S. XVIII / _cedición de Isidro García Tato y Felipe Valdés Hansen. |
| 260 |
_aSantiago de Compostela : _bInstituto de Estudios Gallegos "Padre Sarmiento", _c2003. |
||
| 300 |
_aXXXVIII, 352 p. ; _c25 cm. |
||
| 336 |
_2rdacontent _atext |
||
| 337 |
_2rdamedia _aunmediated |
||
| 338 |
_2rdacarrier _avolume |
||
| 500 | _aIncluye índice. | ||
| 500 | _aIncluye apéndice. | ||
| 600 | 1 | 4 |
_96167 _aSarmiento, Martín, _cO.S.B., _d1695-1772 _xBiografía |
| 700 | 1 |
_aGarcía Tato, Isidro _97400 |
|
| 700 | 1 |
_aValdés Hansen, Felipe, _d1975- _97401 |
|
| 942 | _cMTS | ||
| 999 |
_c3599 _d3599 |
||